LEADER 00893nam0 2200277 450 001 000007859 005 20071022104831.0 100 $a20070516d1946----km-y0itay50------ba 101 0 $aita 102 $aIT 105 $ay---n---001cy 200 1 $a<>costituzione della Repubblica portoghese$fa cura di Manlio Fancelli 210 $aFirenze$cSansoni$d1946 215 $a150 p.$d18 cm 225 2 $aTesti e documenti costituzionali$v34 410 0$12001$aTesti e documenti costituzionali$v34 610 1 $aCostituzione - Portogallo - 1933 676 $a349.24$v20 702 1$aFancelli,$bManlio 710 01$aPortogallo$0218228 801 0$aIT$bUNIPARTHENOPE$c20070516$gRICA$2UNIMARC 912 $a000007859 951 $aTDC 340/34$b7900$cNAVA1$d2007 951 $aTDC 340 /34 (1)$bs.i.$cNAVA1$d2007 996 $aCostituzione della repubblica portoghese$9204999 997 $aUNIPARTHENOPE LEADER 05373nam 2200685 450 001 9910460145003321 005 20200520144314.0 010 $a1-118-27486-5 035 $a(CKB)3710000000260923 035 $a(EBL)1819688 035 $a(SSID)ssj0001350026 035 $a(PQKBManifestationID)12598195 035 $a(PQKBTitleCode)TC0001350026 035 $a(PQKBWorkID)11287812 035 $a(PQKB)10778172 035 $a(MiAaPQ)EBC1819688 035 $a(DLC) 2014032909 035 $a(JP-MeL)3000065506 035 $a(Au-PeEL)EBL1819688 035 $a(CaPaEBR)ebr10955849 035 $a(CaONFJC)MIL652796 035 $a(OCoLC)893739836 035 $a(EXLCZ)993710000000260923 100 $a20141028h20152015 uy 0 101 0 $aeng 135 $aurcnu|||||||| 181 $ctxt 182 $cc 183 $acr 200 10$aGeographies of health $ean introduction /$fAnthony C. Gatrell and Susan J. Elliott 205 $aThird edition. 210 1$aChichester, [England] :$cWiley Blackwell,$d2015. 210 4$dİ2015 215 $a1 online resource (424 p.) 300 $aDescription based upon print version of record. 311 $a1-322-21516-2 311 $a0-470-67287-0 320 $aIncludes bibliographical references at the end of each chapters and index. 327 $aGeographies of Health: An Introduction; Copyright; Contents; List of Figures; List of Tables; Preface; Part I Describing and Explaining Health in Geographical Settings; Chapter 1 Introducing Geographies of Health; Health and Geography: Some Fundamental Concepts; Concepts of health; Geographical concepts; Geographies of Health: Five Case Studies; Neighborhoods and obesity in New York City; Public places after the introduction of "smoke free" legislation; The health of Aboriginal populations in Canada; Habitus and heart health: The collision of place, body, and health 327 $aMental health in Australian immigration detention centers Concluding Remarks; Further Reading; References; Chapter 2 Explaining Geographies of Health; Positivist Approaches to the Geography of Health; Positivist explanation; Further examples of positivist approaches; Social Interactionist Approaches to the Geography of Health; Social interactionist explanation; Further examples of social interactionist approaches; Structuralist Approaches to the Geography of Health; Structuralist explanation; Further examples of structuralist or conflict-based approaches 327 $aStructurationist Approaches to the Geography of Health Structurationist explanation; Further examples of structurationist approaches; Post-structuralist Approaches to the Geography of Health; Post-structuralist explanation; Further examples of post-structuralist approaches; Concluding Remarks; Further Reading; References; Chapter 3 Quantitative Methods and Geographical Information Systems (GIS); Visualizing and Exploring Health Data in a Spatial Context; Modeling Health Data in a Spatial Setting; Geographical Information Systems and Health; Concluding Remarks; Further Reading; References 327 $aChapter 4 Qualitative Approaches to Interpreting the Geography of Health Interviews; Focus Groups; Other Qualitative Methods; Qualitative Data Analysis; Rigor in Qualitative Research; Concluding Remarks; Further Reading; References; Part II Health and the Social Environment; Chapter 5 Health Inequalities I: Global Patterns and Regional Contrasts; Health Inequalities in the Global South; Health inequalities: Africa; Health inequalities: The BRIC countries; Health Inequalities in the Global North; Regional divides in the global north 327 $aExplaining inequalities in health outcomes in the global north Concluding Remarks; Further Reading; References; Chapter 6 Health Inequalities II: Neighborhoods and Health; A Chicago Story; Neighborhood Context or Social Composition?; The Obesogenic Neighborhood; Psychosocial Health and Well-being; Housing and Health; Infectious Disease; Neighborhoods and Access to Care; Concluding Remarks; Further Reading; References; Chapter 7 Systems of Health Care; Principles of Health Service Delivery; Levels and types of health care provision; Promoting health, preventing illness; Health Care Systems 327 $aGeographies of rationing 330 $aSetting out the debates and reviewing the evidence that links health outcomes with social and physical environments, this new edition of the well-established text offers an accessible overview of the theoretical perspectives, methodologies, and research in the field of health geography Includes international examples, drawn from a broad range of countries, and extensive illustrations Unique in its approach to health geography, as opposed to medical geography New chapters focus on contemporary concerns including neighborhoods and health, ageing, and emerging infectious disease Offers five new 606 $aMedical geography 606 $aEnvironmental health 608 $aElectronic books. 615 0$aMedical geography. 615 0$aEnvironmental health. 676 $a614.4/2 700 $aGatrell$b Anthony C.$0305667 702 $aElliott$b Susan J. 801 0$bMiAaPQ 801 1$bMiAaPQ 801 2$bMiAaPQ 906 $aBOOK 912 $a9910460145003321 996 $aGeographies of health$92097753 997 $aUNINA LEADER 02958nam 2200613 450 001 9910793399403321 005 20230814225647.0 010 $a1-5261-0793-7 024 7 $a10.7765/9781526107930 035 $a(CKB)4100000007150756 035 $a(MiAaPQ)EBC5597872 035 $a(OCoLC)1065537521 035 $a(MdBmJHUP)muse72847 035 $a(Au-PeEL)EBL5597872 035 $a(CaPaEBR)ebr11637254 035 $a(NjHacI)994100000007150756 035 $a(DE-B1597)660707 035 $a(DE-B1597)9781526107930 035 $a(EXLCZ)994100000007150756 100 $a20190107d2018 uy 0 101 0 $aeng 135 $aurcnu|||||||| 181 $ctxt$2rdacontent 182 $cc$2rdamedia 183 $acr$2rdacarrier 200 00$aThree romances of Eastern conquest /$fedited by Ladan Niayesh 210 1$aManchester :$cManchester University Press,$d2018. 215 $a1 online resource (xi, 293 pages) 225 1 $aRevels plays companion library 311 $a0-7190-7857-1 320 $aIncludes bibliographical references and index. 327 $aThe comical history of Alphonsus, King of Aragon / by Robert Greene The tragedy of Soliman and Perseda / by Thomas Kyd The four prentices of London / by Thomas Heywood. 330 $aThis volume brings together three little-known works by key playwrights from the late sixteenth-century golden age of English drama. All three convey the public theatre's fascination with travel and adventure through the popular genre of heroic romance, while reflecting the contemporaries' wide range of responses to cross-cultural contacts with the Muslim East and the Mediterranean challenges posed by the Ottoman empire. The volume presents the first modern-spelling editions of the three plays, with extensive annotations catering for specialised scholars while also making the texts accessible to students and theatre-goers. A detailed introduction discusses issues of authorship, dates and sources, and sets the plays in their historical and cultural contexts, offering exciting insights on Elizabethan performance strategies, printing practices, and the circulation of knowledge and stereotypes related to ethnic and religious difference. 410 0$aRevels plays companion library. 606 $aEnglish drama$yEarly modern and Elizabethan, 1500-1600 607 $aMiddle East$vDrama 610 $aEarly Modern Drama. 610 $aHeroic Romance. 610 $aMuslim East. 610 $aOttoman Empire. 610 $aRobert Greene. 610 $aThomas Heywood. 610 $aThomas Kyd. 615 0$aEnglish drama 676 $a822.308 700 $aNiayesh$b Ladan, $4aut$4http://id.loc.gov/vocabulary/relators/aut$01287462 702 $aNiayesh$b Ladan 801 0$bMiAaPQ 801 1$bMiAaPQ 801 2$bMiAaPQ 906 $aBOOK 912 $a9910793399403321 996 $aThree romances of Eastern conquest$93780364 997 $aUNINA